| 000 | 00338nam a22001337a 4500 | ||
|---|---|---|---|
| 008 | 181030b xxu||||| |||| 00| 0 eng d | ||
| 020 | _a0521293766 | ||
| 041 | _aeng | ||
| 080 | _a941 | ||
| 100 | _a17 | ||
| 101 | _aHIS | ||
| 245 |
_aCambridge Introduction to the History of Art. The Seventeenth Century _cMainstone, R |
||
| 942 |
_2udc _cBK |
||
| 999 |
_c51153 _d51153 |
||